Advanced Economic Theory Micro & Macro (Record no. 345802)

000 -LEADER
fixed length control field 00381 a2200157 4500
020 ## - INTERNATIONAL STANDARD BOOK NUMBER
International Standard Book Number 8127225878
082 ## - DEWEY DECIMAL CLASSIFICATION NUMBER
Classification number 330
090 ## - LOCALLY ASSIGNED LC-TYPE CALL NUMBER (OCLC); LOCAL CALL NUMBER (RLIN)
-- 3318
-- 3318
100 ## - MAIN ENTRY--PERSONAL NAME
Personal name Chopra,P.N.
245 ## - TITLE STATEMENT
Title Advanced Economic Theory Micro & Macro
Statement of responsibility, etc. P.N.Chopra
250 ## - EDITION STATEMENT
Edition statement 11th
260 ## - PUBLICATION, DISTRIBUTION, ETC.
Place of publication, distribution, etc. New Delhi
Name of publisher, distributor, etc. Kalyani Publishers
Date of publication, distribution, etc. 2006
300 ## - PHYSICAL DESCRIPTION
Extent 213p
500 ## - GENERAL NOTE
General note Paper cover
942 ## - ADDED ENTRY ELEMENTS (KOHA)
Institution code [OBSOLETE] NBS
Koha item type Book
Call number prefix 330 CHO
Holdings
Withdrawn status Lost status Damaged status Not for loan Permanent Location Current Location Date acquired Total Checkouts Full call number Barcode Date last seen Date last checked out Price effective from Koha item type Public note
  Write Off     Central Library (CL) Central Library (CL) 08/28/2013 1 330 CHO NBS8138 07/06/2015 07/06/2015 08/28/2013 Book No. 0908/NBS/IRC Dated: 12 June, 2012
© 2023 Central Library, National University of Sciences and Technology. All Rights Reserved.